El príncipe pide una mano /

Guardado en:
Autor Principal: Repún, Graciela
Otros Autores: Melantoni, Enrique, Álvarez Schürmann, Sabina; il.
Formato: Libro
Publicado: Buenos Aires : Norma, 2014
Series:Torre de Papel. Azul
Materias:
Etiquetas: Agregar Etiqueta
Sin Etiquetas, Sea el primero en etiquetar este registro!
LEADER 01642nam a22003735a 4500
001 CEM.cems015156
005 20190930170603.0
008 130507s2014##################000#0#####d
003 CEMS
020 |a 9789875456648 
082 0 4 |a A862.4 
100 1 |a Repún, Graciela 
245 1 0 |a El príncipe pide una mano /  |c Graciela Repún y Enrique Melantoni ; ilustrado Por Sabina álvarez Schürmann 
260 |a Buenos Aires :  |b Norma,  |c 2014 
300 |a 56 p. 
490 0 |a Torre de Papel. Azul 
653 |a Literatura 
653 |a Literatura argentina 
653 |a Literatura infantil 
653 |a Cuentos infantiles 
653 |a Teatro infantil 
653 |a Colección ciencias de la educación 
700 1 |a Melantoni, Enrique 
700 1 |a Álvarez Schürmann, Sabina; il. 
859 |a CEMS  |b BIB. CEMS - Ccias. Educacion  |h A862.4  |i R299-1  |k CE  |p 28157.19  |t Ej.1 
859 |a CEMS  |b BIB. CEMS - Ccias. Educacion  |h A862.4  |i R299-1  |k CE  |p 28158.19  |t Ej.2 
859 |a CEMS  |b BIB. CEMS - Ccias. Educacion  |h A862.4  |i R299-1  |k CE  |p 28159.19  |t Ej.3 
859 |a CEMS  |b BIB. CEMS - Ccias. Educacion  |h A862.4  |i R299-1  |k CE  |p 28160.19  |t Ej.4 
859 |a CEMS  |b BIB. CEMS - Ccias. Educacion  |h A862.4  |i R299-1  |k CE  |p 28161.19  |t Ej.5 
859 |a CEMS  |b BIB. CEMS - Ccias. Educacion  |h A862.4  |i R299-1  |k CE  |p 28162.19  |t Ej.6 
859 |a CEMS  |b BIB. CEMS - Ccias. Educacion  |h A862.4  |i R299-1  |k CE  |p 28163.19  |t Ej.7 
859 |a CEMS  |b BIB. CEMS - Ccias. Educacion  |h A862.4  |i R299-1  |k CE  |p 28164.19  |t Ej.8 
859 |a CEMS  |b BIB. CEMS - Ccias. Educacion  |h A862.4  |i R299-1  |k CE  |p 28473.19  |t Ej.9 
859 |a CEMS  |b BIB. CEMS - Ccias. Educacion  |h A862.4  |i R299-1  |k CE  |p 28851.19  |t Ej.10